Sentencia contra la sociedad y responsabilidad de los socios (Registro nro. 33300)

Detalles MARC
000 -LEADER
fixed length control field 00364 a2200109 4500
001 - CONTROL NUMBER
control field ART_41521
005 - DATE AND TIME OF LATEST TRANSACTION
control field 20260410162023.0
008 - FIXED-LENGTH DATA ELEMENTS--GENERAL INFORMATION
fixed length control field 260409a
100 1# - MAIN ENTRY--PERSONAL NAME
Personal name Grispo, Jorge Daniel
245 10 - TITLE STATEMENT
Title Sentencia contra la sociedad y responsabilidad de los socios
773 0# - HOST ITEM ENTRY
Title Revista de las sociedades y concursos
Related parts - Nº 28 (mayo/jun. 2004)
Record control number REV41519

No hay ítems disponibles.